Safeeran e Haram (Record no. 62594)

000 -LEADER
fixed length control field 00451nam a22001817a 4500
003 - CONTROL NUMBER IDENTIFIER
control field NUST - PNEC
005 - DATE AND TIME OF LATEST TRANSACTION
control field 20170116180752.0
008 - FIXED-LENGTH DATA ELEMENTS--GENERAL INFORMATION
fixed length control field 150312b xxu||||| |||| 00| 0 eng d
020 ## - INTERNATIONAL STANDARD BOOK NUMBER
International Standard Book Number -
040 ## - CATALOGING SOURCE
Transcribing agency LIBRARY
082 ## - DEWEY DECIMAL CLASSIFICATION NUMBER
Classification number 297.352 KHA
100 ## - MAIN ENTRY--PERSONAL NAME
9 (RLIN) 1775
Personal name Khan Asif
245 ## - TITLE STATEMENT
Title Safeeran e Haram
Statement of responsibility, etc. Khan Asif
260 ## - PUBLICATION, DISTRIBUTION, ETC.
Place of publication, distribution, etc. Karachi
Name of publisher, distributor, etc. Kitabat Publications
Date of publication, distribution, etc. c2004
300 ## - PHYSICAL DESCRIPTION
Extent 424 p. :
650 ## - SUBJECT ADDED ENTRY--TOPICAL TERM
9 (RLIN) 1774
Topical term or geographic name entry element Islam
General subdivision Islam, History
942 ## - ADDED ENTRY ELEMENTS (KOHA)
Source of classification or shelving scheme
Koha item type Book
Holdings
Withdrawn status Lost status Source of classification or shelving scheme Damaged status Not for loan Permanent Location Current Location Shelving location Date acquired Source of acquisition Cost, normal purchase price Total Checkouts Full call number Barcode Date last seen Date last checked out Cost, replacement price Price effective from Koha item type
          Pakistan Navy Engineering College (PNEC) Pakistan Navy Engineering College (PNEC)   02/20/2015 Donated 0.00 3 297.352 KHA PNECLIB-031993 05/17/2016 04/14/2016 0.00 02/20/2015 Book
© 2023 Central Library, National University of Sciences and Technology. All Rights Reserved.